LEADER 00946nam0-22003371i-450- 001 990007827570403321 005 20080220151812.0 010 $a2-03-575085-7 035 $a000782757 035 $aFED01000782757 035 $a(Aleph)000782757FED01 035 $a000782757 100 $a20030930d1995----km-y0itay50------ba 101 0 $afre 102 $aFR 105 $ay---e---000yy 200 1 $aDictionnaire de la psychanalyse$fRoland Chemama, Bernard Vandermersch 210 $aParis$cLarousse$d1995 215 $aXV, 462 p.$d21 cm 225 1 $aIn extenso 610 0 $aPsicoanalisi$aDizionari 676 $a150.19$v21$zita 700 1$aChemama,$bRoland$0280261 701 1$aVandermersch,$bBernard$0280262 801 0$aIT$bUNINA$gRICA$2UNIMARC 901 $aBK 912 $a990007827570403321 952 $aP.1 DPS 10$bBibl. 47772$fFLFBC 959 $aFLFBC 996 $aDictionnaire de la psychanalyse$9663337 997 $aUNINA LEADER 01692nam 2200481I 450 001 9910702453103321 005 20130820125459.0 035 $a(CKB)5470000002427637 035 $a(OCoLC)825823323 035 $a(EXLCZ)995470000002427637 100 $a20130129d2012 ua 0 101 0 $aeng 135 $aurcn||||||||| 181 $ctxt$2rdacontent 182 $cc$2rdamedia 183 $acr$2rdacarrier 200 10$aModeling and analysis of mixed synchronous/asynchronous systems /$fKevin R. Driscoll, Gabor Madl, and Brendan Hall 210 1$aHampton, Va. :$cNational Aeronautics and Space Administration, Langley Research Center,$d[2012] 215 $a1 online resource (38 pages) $ccolor illustrations 225 1 $a[NASA contractor report] ;$vNASA/CR 2012-217765 300 $aTitle from title screen (viewed Jan. 29, 2013). 300 $a"September 2012." 320 $aIncludes bibliographical references (pages 35-36). 517 3 $aModeling and analysis of mixed synchronous asynchronous systems 606 $aDesign analysis$2nasat 606 $aSynchronism$2nasat 606 $aInterfaces$2nasat 606 $aTelecommunication$2nasat 615 7$aDesign analysis. 615 7$aSynchronism. 615 7$aInterfaces. 615 7$aTelecommunication. 700 $aDriscoll$b Kevin R.$01417672 702 $aMadl$b Gabor 702 $aHall$b Brendan 712 02$aLangley Research Center, 712 02$aUnited States.$bNational Aeronautics and Space Administration, 801 0$bGPO 801 1$bGPO 906 $aBOOK 912 $a9910702453103321 996 $aModeling and analysis of mixed synchronous$93526906 997 $aUNINA